all 10k+ cities in friesland, netherlands - Statistics

General Stats
  • This quiz has been taken 129 times
  • The average score is 7 of 9
Answers on the Map
Answers color-coded by a green-red scale on the quiz's map according to % correct below.
 
Answer Stats
Hint Answer % Correct
92,460 leeuwarden
99%
32,575 sneek
97%
12,325 dokkum
88%
31,115 heerenveen
88%
14,340 harlingen
87%
44,865 drachten
84%
12,065 franeker
79%
12,745 joure
62%
12,490 wolvega
47%
No matching quizzes found
Score Distribution
Percent of People with Each Score
Percentile by Number Answered
Your Score History
You have not taken this quiz